Southville International School and Colleges
Your cart is empty.
  • Cart
  • Lists
    Public lists list_1 View all
    Your lists Log in to create your own lists
  • Log in to your account
  • Your cookies
  • Search history
Southville International School and Colleges
  • Advanced search
  • Recent comments
  • Most popular
  • Libraries

Log in to your account

Log in with GOOGLE


If you do not have an external account, but do have a local account, you can still log in:

  1. Home
  2. MARC view: Baboo and the lion /
Normal view MARC view ISBD view

Baboo and the lion / (Record no. 111049)

[ view plain ]
MARC details
000 -LEADER
fixed length control field 00517nam a2200181 a 4500
001 - CONTROL NUMBER
control field 2003
005 - DATE AND TIME OF LATEST TRANSACTION
control field 20140414131908.0
008 - FIXED-LENGTH DATA ELEMENTS--GENERAL INFORMATION
fixed length control field 050212s19uu xx 00 eng d
020 ## - INTERNATIONAL STANDARD BOOK NUMBER
International Standard Book Number 2-89429-569-3
050 ## - LIBRARY OF CONGRESS CALL NUMBER
Classification number ER
Item number B11 1994
100 ## - MAIN ENTRY--PERSONAL NAME
Personal name Bryant, Robyn
245 ## - TITLE STATEMENT
Title Baboo and the lion /
Statement of responsibility, etc Text by Robyn Bryant ; illustrated by Francois Ruwer.
260 ## - PUBLICATION, DISTRIBUTION, ETC. (IMPRINT)
Place of publication, distribution, etc Montreal, Canada :
Name of publisher, distributor, etc Tormont,
Date of publication, distribution, etc 1994.
300 ## - PHYSICAL DESCRIPTION
Extent 1 v. p. : ill. ; cm.
650 ## - SUBJECT ADDED ENTRY--TOPICAL TERM
Topical term or geographic name as entry element Animals
General subdivision Fiction.
650 ## - SUBJECT ADDED ENTRY--TOPICAL TERM
Topical term or geographic name as entry element Children stories.
Holdings
Withdrawn status Lost status Damaged status Use restrictions Home library Current library Shelving location Date acquired Source of acquisition Total Checkouts Full call number Barcode Date last seen Price effective from Koha item type
        Munich Library Munich Library Easy Reading Section 02/12/2005     ER B11 1994 M1606 04/14/2014 04/14/2014 Books

Baboo and the lion /

APA

Bryant R., . (1994). Baboo and the lion. Montreal, Canada: Tormont.

Chicago

Bryant Robyn, . 1994. Baboo and the lion. Montreal, Canada: Tormont.

Harvard

Bryant R., . (1994). Baboo and the lion. Montreal, Canada: Tormont.

MLA

Bryant Robyn, . Baboo and the lion. Montreal, Canada: Tormont. 1994.

  • Place hold
  • Print
  • Cite
  • Add to your cart (remove)
  • Save record
    BIBTEX Dublin Core MARCXML MARC (non-Unicode/MARC-8) MARC (Unicode/UTF-8) MARC (Unicode/UTF-8, Standard) MODS (XML) RIS
  • More searches
    Search for this title in:
    Other Libraries (WorldCat) Other Databases (Google Scholar) Online Stores (Bookfinder.com) Open Library (openlibrary.org)

Exporting to Dublin Core...

SOUTHVILLE LIBRARY

Southville International School and Colleges Library

1281 Tropical Ave. Cor. Luxembourg St., BF Homes International, Las Pinas City

Tel. No. 8256374 / 252358 Loc. 117/146

Powered by Koha